Prime Ministers of Australia Quiz Stats

 Plays Quiz Updated Aug 24, 2018

Score 0/36 Timer 07:00
0 Plays Today
Served Prime Minister % Correct
2013-2015Tony Abbott
89.2%
2007-2010Kevin Rudd
88.4%
1996-2007John Howard
88%
2013Kevin Rudd
87.8%
2015-2018Malcolm Turnbull
87.7%
2018-Scott Morrison
84.3%
1983-1991Bob Hawke
79.2%
1991-1996Paul Keating
78.4%
2010-2013Julia Gillard
75.7%
1939-1941Robert Menzies
75.3%
1949-1966Robert Menzies
75.3%
1972-1975Gough Whitlam
73.2%
1901-1903Edmund Barton
71.2%
1966-1967Harold Holt
69.8%
1975-1983Malcolm Fraser
69.1%
1903-1904Alfred Deakin
60%
1905-1908Alfred Deakin
60%
1909-1910Alfred Deakin
60%
Served Prime Minister % Correct
1941-1945John Curtin
58%
1971-1972William McMahon
56.1%
1915-1923Billy Hughes
51.9%
1908-1909Andrew Fisher
50.8%
1910-1913Andrew Fisher
50.8%
1914-1915Andrew Fisher
50.8%
1968-1971John Gorton
50.7%
1945-1949Ben Chifley
49.8%
1945Frank Forde
43.5%
1932-1939Joseph Lyons
43.4%
1967-1968John McEwen
43.4%
1904Chris Watson
43.2%
1904-1905George Reid
41.7%
1923-1929Stanley Bruce
41.6%
1929-1932James Scullin
40.4%
1939Earle Page
40.1%
1913-1914Joseph Cook
39.7%
1941Arthur Fadden
37.4%

You're not logged in!

Compare scores with friends on all Sporcle quizzes.
OR
Log In

Sporcle TV

Today on Sporcle TV


Watch our educational content, quiz creation guides, and fun videos on Sporcle TV.

Show Comments

Extras

Top Quizzes Today


Score Distribution

Your Account Isn't Verified!

In order to create a playlist on Sporcle, you need to verify the email address you used during registration. Go to your Sporcle Settings to finish the process.

Report this User

Report this user for behavior that violates our Community Guidelines.

Details: